Statistics for Top 15 Celebrities Born In 2002

Click here to take the quiz!

General Stats

  • This quiz has been taken 95 times
    (76 since last reset)
  • The average score is 5 of 15

Answer Stats

Answer% Correct
Jenna Ortega
75%
Sadie Sink
66%
Finn Wolfhard
61%
Maddie Ziegler
53%
Skai Jackson
48%
Loren Gray
36%
Nessa Barrett
30%
Chase Hudson
27%
Avani Gregg
19%
Ben Azelart
13%
Jacon Sartorius
13%
Josh Richards
13%
Jacob Day
5%
Gaten Matarazza
2%
Julian Dennison
0%

Score Distribution

Percentile by Number Answered

Percent of People with Each Score

Your Score History

You have not taken this quiz since the last reset